Housebuilding - starts and completions (Record no. 70492)

MARC details
000 -LEADER
fixed length control field 00836cam a2200193 4500
001 - CONTROL NUMBER
control field WB3822-12
008 - FIXED-LENGTH DATA ELEMENTS--GENERAL INFORMATION
fixed length control field 020618n2002 000 0 eng u
035 ## - SYSTEM CONTROL NUMBER
System control number (Sirsi) u118432
245 ## - TITLE STATEMENT
Title Housebuilding - starts and completions
260 ## - PUBLICATION, DISTRIBUTION, ETC.
Date of publication, distribution, etc. 2002
490 ## - SERIES STATEMENT
Series statement RICS News Service
Volume/sequential designation 14 June 2002, (2)
520 ## - SUMMARY, ETC.
Summary, etc. Housebuilding statistics for April 2002 show 17 700 dwellings were completed compared to 14 200 in April 2001. RICS News Release: http://www.rics.org/ricscms/bin/show?class=News&template=/includes/shownews.html&id=2789 for Housebuilding Starts and Completions: Great Britain - April 2002 http://www.housing.odpm.gov.uk/research/hss/housebuild/april/index.htm
590 ## - LOCAL NOTE (RLIN)
Local note WB
650 ## - SUBJECT ADDED ENTRY--TOPICAL TERM
Topical term or geographic name entry element HOUSE BUILDING
650 ## - SUBJECT ADDED ENTRY--TOPICAL TERM
Topical term or geographic name entry element NEW DWELLINGS
650 ## - SUBJECT ADDED ENTRY--TOPICAL TERM
Topical term or geographic name entry element HOUSING COMPLETIONS
690 ## - LOCAL SUBJECT ADDED ENTRY--TOPICAL TERM (OCLC, RLIN)
Topical term or geographic name as entry element HOUSING-DEVELOPMENT
942 ## - ADDED ENTRY ELEMENTS (KOHA)
Suppress in OPAC 0
Holdings
Withdrawn status Lost status Source of classification or shelving scheme Damaged status Not for loan Home library Current library Shelving location Date acquired Total Checkouts Full call number Barcode Date last seen Copy number Price effective from Koha item type
    Dewey Decimal Classification     London London News article 18/06/2002   WB3822-12 118432-1001 06/08/2019 1 06/08/2019 News article